000 01541cam a2200433 a 4500
001 3566798
003 BJBSDDR
005 20260423114820.0
007 ta
008 980305s1998 nyu 000 0 eng d
010 _a 98134196
020 _a0425164969
020 _a9780425164969
035 _a3566798
035 _a(OCoLC)38551826
040 _aIC
_cIC
_dDLC
_beng
041 _aeng
042 _alccopycat
043 _an-us---
050 0 0 _aPN1996
_bW594 1998
100 1 _aWhiteside, Rich
_948082
245 1 4 _aThe screenwriting life :
_bthe dream, the job, and the reality /
_cRich Whiteside.
246 3 _aScreen writing life
250 _aBerkley Boulevard trade pbk. ed.
260 _aNew York, N.Y:
_bBerkley Boulevard Books,
_c1998.
300 _axviii, 279 p ;
_c23 cm.
336 _atext
_btxt
_2rdacontent
337 _aunmediated
_bn
_2rdamedia
338 _avolume
_bnc
_2rdacarrier
520 _aGlen Allen, Virginia, United States · Self-employed I have worn many hats: business owner, screenwriter, technical writer, leader, public… · Experience: Self-employed · Education: United States Naval Academy.
650 0 _aMotion picture authorship.
650 0 _aTelevision authorship.
650 0 _aScreenwriters
_zUnited States
_xInterviews.
906 _a7
_bcbc
_ccopycat
_d2
_encip
_f19
_gy-gencatlg
942 _2lcc
_n0
_cBK
946 _isba
999 _c126896
_d126896